<?xml version="1.0" encoding="UTF-8"?><?xml-stylesheet type="text/xsl" href="static/style.xsl"?><OAI-PMH xmlns="http://www.openarchives.org/OAI/2.0/" xmlns:xsi="http://www.w3.org/2001/XMLSchema-instance" xsi:schemaLocation="http://www.openarchives.org/OAI/2.0/ http://www.openarchives.org/OAI/2.0/OAI-PMH.xsd"><responseDate>2026-04-17T12:14:02Z</responseDate><request verb="GetRecord" identifier="oai:www.recercat.cat:2072/461891" metadataPrefix="marc">https://recercat.cat/oai/request</request><GetRecord><record><header><identifier>oai:recercat.cat:2072/461891</identifier><datestamp>2024-11-04T03:56:02Z</datestamp><setSpec>com_2072_98</setSpec><setSpec>col_2072_378192</setSpec></header><metadata><record xmlns="http://www.loc.gov/MARC21/slim" xmlns:dcterms="http://purl.org/dc/terms/" xmlns:xsi="http://www.w3.org/2001/XMLSchema-instance" xmlns:doc="http://www.lyncode.com/xoai" xsi:schemaLocation="http://www.loc.gov/MARC21/slim http://www.loc.gov/standards/marcxml/schema/MARC21slim.xsd">
   <leader>00925njm 22002777a 4500</leader>
   <datafield ind2=" " ind1=" " tag="042">
      <subfield code="a">dc</subfield>
   </datafield>
   <datafield ind2=" " ind1=" " tag="720">
      <subfield code="a">Rius Santamaria, Carles</subfield>
      <subfield code="e">author</subfield>
   </datafield>
   <datafield ind2=" " ind1=" " tag="260">
      <subfield code="c">2018</subfield>
   </datafield>
   <datafield ind2=" " ind1=" " tag="520">
      <subfield code="a">En aquesta comunicació s'analitzen els dos textos, en l'original alemany, en els quals Herder reflexiona sobre la idea d'una nova mitologia: Del nou ús de la mitologia (1767), i Iduna, o la poma del rejoveniment (1796). Explico com en el primer assaig l'autor presenta les característiques principals del que ell anomena «ús heurístic» o «nou ús» de la mitologia; i com en el segon mostra que també l'estudi dels mites nòrdics ens pot proporcionar nous elements per crear una poesia imaginativa. Comparant aquests dos textos, podrem valorar l'aportació de Herder a un tema rellevant en la història de l'estètica, i entendre millor el seu desenvolupament posterior en pensadors del primer Romanticisme alemany com són Hölderlin, Friedrich Schlegel i Schelling.</subfield>
   </datafield>
   <datafield ind2=" " ind1=" " tag="520">
      <subfield code="a">This paper analyses the two texts, in the original German, where Herder reflects on the idea of a new mythology: On the New Use of Mythology (1767), and Iduna, or the Apple of Rejuvenation (1796). I explain how in the first essay the author presents the main characteristics of what he calls «heuristic use» or «new use» of mythology; and how in the second he shows that also the study of Nordic myths can provide us with new elements to create imaginative poetry. Comparing these two texts, we will be able to assess Herder's contribution to a relevant subject in the history of aesthetics and to better understand its later development in thinkers of early German Romanticism such as Höderlin, Friedrich Schlegel and Schelling.</subfield>
   </datafield>
   <datafield ind1="8" ind2=" " tag="024">
      <subfield code="a">http://hdl.handle.net/2072/461891</subfield>
   </datafield>
   <datafield tag="653" ind2=" " ind1=" ">
      <subfield code="a">Herder</subfield>
   </datafield>
   <datafield tag="653" ind2=" " ind1=" ">
      <subfield code="a">Nova mitologia</subfield>
   </datafield>
   <datafield tag="653" ind2=" " ind1=" ">
      <subfield code="a">Poesia</subfield>
   </datafield>
   <datafield tag="653" ind2=" " ind1=" ">
      <subfield code="a">Estètica</subfield>
   </datafield>
   <datafield tag="653" ind2=" " ind1=" ">
      <subfield code="a">Romanticisme</subfield>
   </datafield>
   <datafield tag="653" ind2=" " ind1=" ">
      <subfield code="a">New mythology</subfield>
   </datafield>
   <datafield tag="653" ind2=" " ind1=" ">
      <subfield code="a">Poetry</subfield>
   </datafield>
   <datafield tag="653" ind2=" " ind1=" ">
      <subfield code="a">Aesthetics</subfield>
   </datafield>
   <datafield tag="653" ind2=" " ind1=" ">
      <subfield code="a">Romanticism</subfield>
   </datafield>
   <datafield ind2="0" ind1="0" tag="245">
      <subfield code="a">Herder i la idea d'una nova mitologia</subfield>
   </datafield>
</record></metadata></record></GetRecord></OAI-PMH>